Departments of Colombia Quiz Stats

Quiz Updated Mar 29, 2018

Also try: The Colombia Quiz
Challenge
Share
Tweet
Score 0/32 Timer 09:00
141 Plays Today
% Correct
Bogotá
86%
Amazonas
80.3%
Bolívar
73.6%
Chocó
72.5%
Atlántico
71.5%
Cesar
70.5%
Cauca
69.7%
Meta
68.1%
Córdoba
67.9%
Sucre
67.2%
Santander
65.2%
Magdalena
63.4%
Nariño
62.8%
Huila
60.7%
Antioquia
60.3%
Boyacá
57.7%
% Correct
Arauca
57.7%
Caldas
56.4%
Norte de Santander
55.1%
Tolima
54.5%
Putumayo
53.3%
La Guajira
53%
Vaupés
50.5%
Valle del Cauca
49.4%
Vichada
48.1%
Caquetá
48%
Cundinamarca
47%
Quindío
44.8%
Guainía
44.7%
Casanare
43.9%
Risaralda
42.2%
Guaviare
41.1%

You're not logged in!

Compare scores with friends on all Sporcle quizzes.
Sign Up with Email
OR
Log In

You Might Also Like...

Show Comments

Extras

Top Quizzes Today


Score Distribution

Your Account Isn't Verified!

In order to create a playlist on Sporcle, you need to verify the email address you used during registration. Go to your Sporcle Settings to finish the process.

Report this User

Report this user for behavior that violates our Community Guidelines.

Details: